000 01962nam a2200337 a 4500
008 201117s2010 ||||||||||||||||| || u
020 _a9781847625847
050 _aQA 43 Mat
100 _aPalin, Ali
245 1 0 _aA2-level mathematics exam board: Edexcel complete revision and practice
_cBy Mary Falkner; Paul Jordin; Sharon Keeley-Holden; Simon Little; Ali Palin; Andy Park; David Ryan; Lyn Setchell; Caley Simpson; Jane Towle; Jonathan Wray; Dawn Wright
260 _aNewcastle
_bCGP
_c2010
300 _a268 pages: illustrations
650 _aMATHEMATICS--HANDBOOKS,MATHEMATICS,ETC
700 _aFalkner, Mary
700 _aTowle, Jane
700 _aKeeley-Holden, Sharon
700 _aSimpson, Caley
700 _aWright, Dawn
700 _aJordin, Paul
700 _aRyan, David
700 _aLittle, Simon
700 _aPark, Andy
700 _aSetchell, Lyn
700 _aWray, Jonathan
995 _aMAIN LIBRARY OPEN ACCESS
_e750598
_FCBU-MAIN LIBRARY (Kitwe)
_jQA 43 Mat
_M3
_UAVAILABLE
_WDec 7, 2020
_y750598
_ZMain Library Open Access Collection
995 _aKAPASA MAKASA LIBRARY OPEN ACCESS
_D35.10
_e750671
_FCBU-KAPASA MAKASA LIBRARY (Chinsali)
_jQA 43 Mat
_M5
_UAVAILABLE
_WJan 20, 2021
_y750671
_ZKapasa Makasa Library Open Acess Collection
995 _aMAIN LIBRARY OPEN ACCESS
_e750599
_FCBU-MAIN LIBRARY (Kitwe)
_jQA 43 Mat
_M4
_UAVAILABLE
_WDec 7, 2020
_y750599
_ZMain Library Open Access Collection
995 _aMEDICAL LIBRARY OPEN ACCESS
_e905197
_FCBU-SCHOOL OF MEDICINE LIBRARY (Ndola)
_I46.96
_jQA 43 Mat
_M1
_UAVAILABLE
_WNov 18, 2020
_y905197
_ZMedical Library Open Access Collection
995 _aMAIN LIBRARY OPEN ACCESS
_e750597
_FCBU-MAIN LIBRARY (Kitwe)
_jQA 43 Mat
_M2
_UAVAILABLE
_WDec 7, 2020
_y750597
_ZMain Library Open Access Collection
995 _aKAPASA MAKASA LIBRARY OPEN ACCESS
_D35.10
_e750672
_FCBU-KAPASA MAKASA LIBRARY (Chinsali)
_jQA 43 Mat
_M6
_UAVAILABLE
_WJan 20, 2021
_y750672
_ZKapasa Makasa Library Open Acess Collection
999 _c63650
_d63650